[Event "Benidorm Satellite preliminary"]
[Site "playchess.com #007036"]
[Date "2009.10.24"]
[Round "2"]
[White "Z3ro89"]
[Black "-st!er-"]
[Result "0-1"]
[WhiteElo "2208"]
[BlackElo "2815"]
[PlyCount "162"]
[EventDate "2009.10.24"]
[EventType "swiss (blitz)"]

1. e4 {[%emt 0:00:01]} c5 {[%emt 0:00:04]} 2. Nf3 {[%emt 0:00:01]} Nc6 {[%emt
0:00:01]} 3. d4 {[%emt 0:00:02]} cxd4 {[%emt 0:00:01]} 4. Nxd4 {[%emt 0:00:00]}
Nf6 {[%emt 0:00:02]} 5. Nc3 {[%emt 0:00:01]} d6 {[%emt 0:00:02]} 6. Be2 {[%emt
0:00:06]} e5 {[%emt 0:00:06]} 7. Nb3 {[%emt 0:00:03]} Be7 {[%emt 0:00:05]} 8.
O-O {[%emt 0:00:02]} O-O {[%emt 0:00:01]} 9. Be3 {[%emt 0:00:05]} a5 {[%emt 0:
00:01]} 10. f3 {[%emt 0:00:07]} a4 {[%emt 0:00:02]} 11. Nd2 {[%emt 0:00:04]} a3
{[%emt 0:00:01]} 12. b3 {[%emt 0:00:01]} Be6 {[%emt 0:00:02]} 13. Nc4 {[%emt 0:
00:07]} Qc7 {[%emt 0:00:23]} 14. Nb6 {[%emt 0:00:07]} Ra5 {[%emt 0:00:04]} 15.
Ncd5 {[%emt 0:00:06]} Bxd5 {[%emt 0:00:06]} 16. Nxd5 {[%emt 0:00:09]} Nxd5 {
[%emt 0:00:03]} 17. exd5 {[%emt 0:00:03]} Nd4 {[%emt 0:00:01]} 18. c4 {[%emt 0:
00:05]} Nf5 {[%emt 0:00:05]} 19. Bf2 {[%emt 0:00:02]} Bg5 {[%emt 0:00:02]
Z3ro89 reconnected.} 20. Qd3 {[%emt 0:00:07]} g6 {[%emt 0:00:06]} 21. g4 {
[%emt 0:00:16]} Nd4 {[%emt 0:00:01]} 22. Bxd4 {[%emt 0:00:02]} exd4 {[%emt 0:
00:02]} 23. Qxd4 {[%emt 0:00:01]} Re8 {[%emt 0:00:03]} 24. f4 {[%emt 0:00:07]}
Bh6 {[%emt 0:00:02]} 25. Qf2 {[%emt 0:00:10]} Re4 {[%emt 0:00:08]} 26. g5 {
[%emt 0:00:06]} Bg7 {[%emt 0:00:01]} 27. Bd3 {[%emt 0:00:07]} Bd4 {[%emt 0:00:
04]} 28. Bxe4 {[%emt 0:00:03]} Bxf2+ {[%emt 0:00:08]} 29. Rxf2 {[%emt 0:00:01]}
Ra8 {[%emt 0:00:00]} 30. Re1 {[%emt 0:00:03]} Re8 {[%emt 0:00:02]} 31. Rfe2 {
[%emt 0:00:01]} Kg7 {[%emt 0:00:02]} 32. Kg2 {[%emt 0:00:01]} Qd7 {[%emt 0:00:
10]} 33. Bf3 {[%emt 0:00:03]} Rxe2+ {[%emt 0:00:02]} 34. Rxe2 {[%emt 0:00:01]}
Qf5 {[%emt 0:00:01]} 35. Kg3 {[%emt 0:00:01]} b6 {[%emt 0:00:03]} 36. h4 {
[%emt 0:00:07]} h5 {[%emt 0:00:03]} 37. Rd2 {[%emt 0:00:06]} Qb1 {[%emt 0:00:
02]} 38. Re2 {[%emt 0:00:01]} Qg1+ {[%emt 0:00:03]} 39. Rg2 {[%emt 0:00:01]}
Qe1+ {[%emt 0:00:02]} 40. Rf2 {[%emt 0:00:03]} Qe3 {[%emt 0:00:01]} 41. Re2 {
[%emt 0:00:01] Z3ro89 offre la patta} Qc3 {[%emt 0:00:05]} 42. Rg2 {[%emt 0:00:
03]} Kf8 {[%emt 0:00:02]} 43. Re2 {[%emt 0:00:01]} b5 {[%emt 0:00:03]} 44. cxb5
{[%emt 0:00:01]} Qc5 {[%emt 0:00:01]} 45. Rd2 {[%emt 0:00:06]} Qxb5 {[%emt 0:
00:02]} 46. Re2 {[%emt 0:00:01]} Qb4 {[%emt 0:00:01]} 47. Rc2 {[%emt 0:00:01]}
Ke7 {[%emt 0:00:02]} 48. Re2+ {[%emt 0:00:01]} Kd8 {[%emt 0:00:01]} 49. Rc2 {
[%emt 0:00:02]} Qe1+ {[%emt 0:00:01]} 50. Rf2 {[%emt 0:00:03]} Kc7 {[%emt 0:00:
01]} 51. Kg2 {[%emt 0:00:04]} Qe3 {[%emt 0:00:02]} 52. Kg3 {[%emt 0:00:01]} Kb6
{[%emt 0:00:05]} 53. Re2 {[%emt 0:00:01]} Qg1+ {[%emt 0:00:07]} 54. Rg2 {[%emt
0:00:01]} Qe1+ {[%emt 0:00:01]} 55. Kh3 {[%emt 0:00:04]} Kc5 {[%emt 0:00:04]}
56. Re2 {[%emt 0:00:01]} Qg1 {[%emt 0:00:11]} 57. Rg2 {[%emt 0:00:02]} Qe3 {
[%emt 0:00:02]} 58. Kg3 {[%emt 0:00:01]} Kb4 {[%emt 0:00:05]} 59. Re2 {[%emt 0:
00:01]} Qg1+ {[%emt 0:00:01]} 60. Rg2 {[%emt 0:00:07]} Qe1+ {[%emt 0:00:02]}
61. Kh3 {[%emt 0:00:02]} Kc3 {[%emt 0:00:01]} 62. Re2 {[%emt 0:00:01]} Qg1 {
[%emt 0:00:25]} 63. Rg2 {[%emt 0:00:18]} Qd4 {[%emt 0:00:02]} 64. Kg3 {[%emt 0:
00:02]} Kd3 {[%emt 0:00:03]} 65. Re2 {[%emt 0:00:03]} Qg1+ {[%emt 0:00:01]} 66.
Rg2 {[%emt 0:00:01]} Qe1+ {[%emt 0:00:03]} 67. Kh3 {[%emt 0:00:02]} Kd4 {[%emt
0:00:24]} 68. Re2 {[%emt 0:00:04]} Qg1 {[%emt 0:00:04]} 69. Rg2 {[%emt 0:00:02]
} Qe3 {[%emt 0:00:04]} 70. Kg3 {[%emt 0:00:01]} f6 {[%emt 0:00:01]} 71. Re2 {
[%emt 0:00:01]} Qg1+ {[%emt 0:00:01]} 72. Rg2 {[%emt 0:00:01]} Qe1+ {[%emt 0:
00:01]} 73. Kh3 {[%emt 0:00:01]} fxg5 {[%emt 0:00:01]} 74. hxg5 {[%emt 0:00:02]
} Qe3 {[%emt 0:00:13]} 75. Kg3 {[%emt 0:00:02]} h4+ {[%emt 0:00:06]} 76. Kg4 {
[%emt 0:00:01]} h3 {[%emt 0:00:01]} 77. Rg3 {[%emt 0:00:15]} h2 {[%emt 0:00:02]
} 78. Rh3 {[%emt 0:00:01]} Qg1+ {[%emt 0:00:01]} 79. Kh4 {[%emt 0:00:01]} Ke3 {
[%emt 0:00:05]} 80. f5 {[%emt 0:00:01]} Kf4 {[%emt 0:00:03]} 81. Rg3 {[%emt 0:
00:21]} Qxg3# {[%emt 0:00:02]} 0-1

[Event "Benidorm Satellite preliminary"]
[Site "playchess.com #007036"]
[Date "2009.10.24"]
[Round "3"]
[White "LaOla"]
[Black "LordSeban"]
[Result "0-1"]
[WhiteElo "2395"]
[BlackElo "2709"]
[PlyCount "22"]
[EventDate "2009.10.24"]
[EventType "swiss (blitz)"]

1. e4 {[%emt 0:00:01]} c6 {[%emt 0:00:01]} 2. d4 {[%emt 0:00:01]} d5 {[%emt 0:
00:01]} 3. e5 {[%emt 0:00:00]} Bf5 {[%emt 0:00:01]} 4. Nc3 {[%emt 0:00:00]} e6
{[%emt 0:00:01]} 5. g4 {[%emt 0:00:01]} Bg6 {[%emt 0:00:01]} 6. Nge2 {[%emt 0:
00:02]} h6 {[%emt 0:00:08]} 7. h4 {[%emt 0:00:01]} Nd7 {[%emt 0:00:02]} 8. Nf4
{[%emt 0:00:01]} Ne7 {[%emt 0:00:03]} 9. Nxg6 {[%emt 0:00:15]} Nxg6 {[%emt 0:
00:02]} 10. Bd3 {[%emt 0:00:00]} Nxh4 {[%emt 0:00:02]} 11. Bf4 {[%emt 0:00:12]}
Ng2+ {[%emt 0:00:03] LaOla gibt auf} 0-1

[Event "Benidorm Satellite preliminary"]
[Site "playchess.com #007036"]
[Date "2009.10.24"]
[Round "3"]
[White "chess-vador"]
[Black "Schachkanone2"]
[Result "1-0"]
[WhiteElo "1778"]
[BlackElo "1432"]
[PlyCount "31"]
[EventDate "2009.10.24"]
[EventType "swiss (blitz)"]

1. d4 {[%emt 0:00:03]} Nf6 {[%emt 0:00:06]} 2. Nf3 {[%emt 0:00:03]} d5 {[%emt
0:00:04]} 3. Bf4 {[%emt 0:00:02]} e6 {[%emt 0:00:01]} 4. e3 {[%emt 0:00:01]}
Be7 {[%emt 0:00:01]} 5. Bd3 {[%emt 0:00:02]} O-O {[%emt 0:00:01]} 6. Nbd2 {
[%emt 0:00:01]} Nbd7 {[%emt 0:00:02]} 7. Ne5 {[%emt 0:00:04]} c5 {[%emt 0:00:
01]} 8. c3 {[%emt 0:00:01]} a5 {[%emt 0:00:02]} 9. g4 {[%emt 0:00:10]} Nxe5 {
[%emt 0:00:02]} 10. dxe5 {[%emt 0:00:04]} Ne4 {[%emt 0:00:02]} 11. Nxe4 {[%emt
0:00:08]} dxe4 {[%emt 0:00:01]} 12. Bxe4 {[%emt 0:00:01]} Qxd1+ {[%emt 0:00:02]
} 13. Rxd1 {[%emt 0:00:04]} Rb8 {[%emt 0:00:02]} 14. h4 {[%emt 0:00:17]} f5 {
[%emt 0:00:04]} 15. exf6 {[%emt 0:00:04]} Bxf6 {[%emt 0:00:01]} 16. Bxb8 {
[%emt 0:00:02] Schachkanone2 gibt auf} 1-0

[Event "Benidorm Satellite preliminary"]
[Site "playchess.com #007036"]
[Date "2009.10.24"]
[Round "3"]
[White "Wild"]
[Black "Sff3"]
[Result "0-1"]
[WhiteElo "1431"]
[BlackElo "1701"]
[PlyCount "42"]
[EventDate "2009.10.24"]
[EventType "swiss (blitz)"]

1. c4 {[%emt 0:00:02]} e5 {[%emt 0:00:05]} 2. Nc3 {[%emt 0:00:01]} d6 {[%emt 0:
00:01]} 3. g3 {[%emt 0:00:01]} Nc6 {[%emt 0:00:02]} 4. Bg2 {[%emt 0:00:01]} Be7
{[%emt 0:00:01]} 5. Nf3 {[%emt 0:00:01]} Nf6 {[%emt 0:00:02]} 6. d4 {[%emt 0:
00:01]} exd4 {[%emt 0:00:01]} 7. Nxd4 {[%emt 0:00:01]} Bd7 {[%emt 0:00:01]} 8.
Nxc6 {[%emt 0:00:01]} Bxc6 {[%emt 0:00:02]} 9. Bxc6+ {[%emt 0:00:02]} bxc6 {
[%emt 0:00:00]} 10. Bf4 {[%emt 0:00:06]} O-O {[%emt 0:00:01]} 11. O-O {[%emt 0:
00:02]} Re8 {[%emt 0:00:01]} 12. e4 {[%emt 0:00:02]} Bf8 {[%emt 0:00:05]} 13.
Bg5 {[%emt 0:00:02]} h6 {[%emt 0:00:01]} 14. Bxf6 {[%emt 0:00:01]} Qxf6 {[%emt
0:00:01]} 15. f4 {[%emt 0:00:02]} Rad8 {[%emt 0:00:03]} 16. Qd3 {[%emt 0:00:13]
} c5 {[%emt 0:00:01]} 17. Rad1 {[%emt 0:00:07]} c6 {[%emt 0:00:04]} 18. Rfe1 {
[%emt 0:00:08]} g6 {[%emt 0:00:02]} 19. Qf3 {[%emt 0:00:02]} Bg7 {[%emt 0:00:
01]} 20. e5 {[%emt 0:00:12]} dxe5 {[%emt 0:00:01]} 21. fxe5 {[%emt 0:00:04]}
Qxf3 {[%emt 0:00:02] Wild gibt auf} 0-1

[Event "Benidorm Satellite preliminary"]
[Site "playchess.com #007036"]
[Date "2009.10.24"]
[Round "3"]
[White "Bartimäus"]
[Black "HaraldEtuna"]
[Result "0-1"]
[WhiteElo "1768"]
[BlackElo "2175"]
[PlyCount "48"]
[EventDate "2009.10.24"]
[EventType "swiss (blitz)"]

1. d4 {[%emt 0:00:03]} d5 {[%emt 0:00:01]} 2. c4 {[%emt 0:00:02]} Nc6 {[%emt 0:
00:01]} 3. Nc3 {[%emt 0:00:03]} dxc4 {[%emt 0:00:02]} 4. d5 {[%emt 0:00:02]}
Ne5 {[%emt 0:00:01]} 5. e4 {[%emt 0:00:04]} c6 {[%emt 0:00:02]} 6. f4 {[%emt 0:
00:03]} Nd3+ {[%emt 0:00:01]} 7. Bxd3 {[%emt 0:00:02]} cxd3 {[%emt 0:00:00]} 8.
Nf3 {[%emt 0:00:02]} Nf6 {[%emt 0:00:01]} 9. O-O {[%emt 0:00:03]} g6 {[%emt 0:
00:04]} 10. Qxd3 {[%emt 0:00:03]} Bg7 {[%emt 0:00:01]} 11. e5 {[%emt 0:00:04]}
Nxd5 {[%emt 0:00:01]} 12. Nxd5 {[%emt 0:00:01]} cxd5 {[%emt 0:00:08]} 13. Be3 {
[%emt 0:00:03]} O-O {[%emt 0:00:03]} 14. Rfd1 {[%emt 0:00:06]} e6 {[%emt 0:00:
01]} 15. Rac1 {[%emt 0:00:03]} a6 {[%emt 0:00:02]} 16. Nd4 {[%emt 0:00:03]} Bd7
{[%emt 0:00:01]} 17. Qd2 {[%emt 0:00:10]} Rc8 {[%emt 0:00:06]} 18. Qf2 {[%emt
0:00:05]} Qa5 {[%emt 0:00:10]} 19. a3 {[%emt 0:00:03]} Rxc1 {[%emt 0:00:07]}
20. Rxc1 {[%emt 0:00:03]} Rc8 {[%emt 0:00:04]} 21. Rxc8+ {[%emt 0:00:04]} Bxc8
{[%emt 0:00:01]} 22. g4 {[%emt 0:00:01]} Bd7 {[%emt 0:00:04]} 23. Qc2 {[%emt 0:
00:11]} Qe1+ {[%emt 0:00:03]} 24. Kg2 {[%emt 0:00:01]} Qxe3 {[%emt 0:00:04]
Bartimäus gibt auf} 0-1

[Event "Benidorm Satellite preliminary"]
[Site "playchess.com #007036"]
[Date "2009.10.24"]
[Round "3"]
[White "Lagano"]
[Black "Alexiz"]
[Result "1-0"]
[WhiteElo "1988"]
[BlackElo "1683"]
[PlyCount "37"]
[EventDate "2009.10.24"]
[EventType "swiss (blitz)"]

1. e4 {[%emt 0:00:03]} e6 {[%emt 0:00:01]} 2. d4 {[%emt 0:00:02]} d5 {[%emt 0:
00:01]} 3. Nc3 {[%emt 0:00:02]} Bb4 {[%emt 0:00:01]} 4. e5 {[%emt 0:00:02]} c5
{[%emt 0:00:01]} 5. a3 {[%emt 0:00:01]} Bxc3+ {[%emt 0:00:01]} 6. bxc3 {[%emt
0:00:01]} Ne7 {[%emt 0:00:00]} 7. a4 {[%emt 0:00:03]} Qa5 {[%emt 0:00:02]} 8.
Bd2 {[%emt 0:00:02]} Nbc6 {[%emt 0:00:01]} 9. Nf3 {[%emt 0:00:01]} Bd7 {[%emt
0:00:01]} 10. g3 {[%emt 0:00:01]} c4 {[%emt 0:00:03]} 11. Bh3 {[%emt 0:00:02]}
f6 {[%emt 0:00:30]} 12. exf6 {[%emt 0:00:04]} gxf6 {[%emt 0:00:02]} 13. O-O {
[%emt 0:00:03]} O-O-O {[%emt 0:00:06]} 14. Re1 {[%emt 0:00:05]} Nf5 {[%emt 0:
00:01]} 15. Bxf5 {[%emt 0:00:03]} exf5 {[%emt 0:00:01]} 16. Nh4 {[%emt 0:00:07]
} h5 {[%emt 0:00:19]} 17. Qf3 {[%emt 0:00:03]} f4 {[%emt 0:00:22]} 18. Qxf4 {
[%emt 0:00:09]} Rdf8 {[%emt 0:00:02]} 19. Ng6 {[%emt 0:00:03] Alexiz resigns}
1-0

[Event "Benidorm Satellite preliminary"]
[Site "playchess.com #007036"]
[Date "2009.10.24"]
[Round "3"]
[White "Matty_xxx"]
[Black "Jan der U"]
[Result "1-0"]
[WhiteElo "2215"]
[BlackElo "2042"]
[PlyCount "47"]
[EventDate "2009.10.24"]
[EventType "swiss (blitz)"]

1. e4 {[%emt 0:00:03]} c5 {[%emt 0:00:02]} 2. Nf3 {[%emt 0:00:01]} g6 {[%emt 0:
00:01]} 3. d4 {[%emt 0:00:01]} cxd4 {[%emt 0:00:00]} 4. Nxd4 {[%emt 0:00:01]}
Nc6 {[%emt 0:00:01]} 5. c4 {[%emt 0:00:01]} Nf6 {[%emt 0:00:03]} 6. Nc3 {[%emt
0:00:03]} d6 {[%emt 0:00:01]} 7. Be2 {[%emt 0:00:04]} Nxd4 {[%emt 0:00:02]} 8.
Qxd4 {[%emt 0:00:00]} Bg7 {[%emt 0:00:01]} 9. Be3 {[%emt 0:00:01]} O-O {[%emt
0:00:01]} 10. Qd2 {[%emt 0:00:02]} Be6 {[%emt 0:00:06]} 11. f3 {[%emt 0:00:08]}
a6 {[%emt 0:00:01]} 12. O-O {[%emt 0:00:05]} Qa5 {[%emt 0:00:03]} 13. Nd5 {
[%emt 0:00:10]} Qxd2 {[%emt 0:00:09]} 14. Nxe7+ {[%emt 0:00:02]} Kh8 {[%emt 0:
00:02]} 15. Bxd2 {[%emt 0:00:00]} Rfe8 {[%emt 0:00:03]} 16. Nd5 {[%emt 0:00:02]
} Nxd5 {[%emt 0:00:01]} 17. cxd5 {[%emt 0:00:00]} Bxd5 {[%emt 0:00:01]} 18.
Rac1 {[%emt 0:00:38]} Bc6 {[%emt 0:00:09]} 19. Bc4 {[%emt 0:00:10]} Bxb2 {
[%emt 0:00:06]} 20. Bxf7 {[%emt 0:00:08]} Bxc1 {[%emt 0:00:07]} 21. Rxc1 {
[%emt 0:00:14]} Re7 {[%emt 0:00:04]} 22. Bc3+ {[%emt 0:00:03]} Re5 {[%emt 0:00:
03]} 23. f4 {[%emt 0:00:01]} Kg7 {[%emt 0:00:04]} 24. Bb3 {[%emt 0:00:04] Jan
der U gibt auf} 1-0

[Event "Benidorm Satellite preliminary"]
[Site "playchess.com #007036"]
[Date "2009.10.24"]
[Round "3"]
[White "Hatimati"]
[Black "Yang Guo"]
[Result "0-1"]
[WhiteElo "2475"]
[BlackElo "2806"]
[PlyCount "42"]
[EventDate "2009.10.24"]
[EventType "swiss (blitz)"]

1. e4 {[%emt 0:00:05]} e6 {[%emt 0:00:01]} 2. Nf3 {[%emt 0:00:02]} c5 {[%emt 0:
00:03]} 3. c4 {[%emt 0:00:03]} Nc6 {[%emt 0:00:03]} 4. Nc3 {[%emt 0:00:03]}
Nge7 {[%emt 0:00:04]} 5. d4 {[%emt 0:00:16]} cxd4 {[%emt 0:00:05]} 6. Nb5 {
[%emt 0:00:01]} Ng6 {[%emt 0:00:07]} 7. Nbxd4 {[%emt 0:00:04]} Bc5 {[%emt 0:00:
08]} 8. Nxc6 {[%emt 0:00:07]} bxc6 {[%emt 0:00:03]} 9. Bd3 {[%emt 0:00:02]} O-O
{[%emt 0:00:06]} 10. O-O {[%emt 0:00:02]} d6 {[%emt 0:00:01]} 11. Bd2 {[%emt 0:
00:11]} a5 {[%emt 0:00:02]} 12. Bc3 {[%emt 0:00:03]} e5 {[%emt 0:00:01]} 13.
Bd2 {[%emt 0:00:13]} h6 {[%emt 0:00:28]} 14. Be3 {[%emt 0:00:02]} Qb6 {[%emt 0:
00:05]} 15. Qd2 {[%emt 0:00:02]} Be6 {[%emt 0:00:06]} 16. Bxc5 {[%emt 0:00:13]}
dxc5 {[%emt 0:00:04]} 17. Qc3 {[%emt 0:00:05]} f6 {[%emt 0:00:01]} 18. Rfd1 {
[%emt 0:00:01]} Bg4 {[%emt 0:00:01]} 19. Be2 {[%emt 0:00:01]} Nf4 {[%emt 0:00:
01]} 20. Rd2 {[%emt 0:00:11]} Rad8 {[%emt 0:00:01]} 21. Rad1 {[%emt 0:00:02]}
Nxe2+ {[%emt 0:00:02] Hatimati resigns} 0-1

[Event "Benidorm Satellite preliminary"]
[Site "playchess.com #007036"]
[Date "2009.10.24"]
[Round "3"]
[White "-st!er-"]
[Black "MrHub"]
[Result "1-0"]
[WhiteElo "2816"]
[BlackElo "2484"]
[PlyCount "45"]
[EventDate "2009.10.24"]
[EventType "swiss (blitz)"]

1. d4 {[%emt 0:00:02]} e6 {[%emt 0:00:01]} 2. c4 {[%emt 0:00:03]} Nf6 {[%emt 0:
00:01]} 3. Nf3 {[%emt 0:00:01]} b6 {[%emt 0:00:01]} 4. g3 {[%emt 0:00:01]} Bb7
{[%emt 0:00:01]} 5. Bg2 {[%emt 0:00:01]} d5 {[%emt 0:00:01]} 6. O-O {[%emt 0:
00:02]} Be7 {[%emt 0:00:01]} 7. Nc3 {[%emt 0:00:05]} O-O {[%emt 0:00:02]} 8.
cxd5 {[%emt 0:00:04]} Nxd5 {[%emt 0:00:02]} 9. Bd2 {[%emt 0:00:04]} Nd7 {[%emt
0:00:02]} 10. Rc1 {[%emt 0:00:03]} c5 {[%emt 0:00:02]} 11. Ne4 {[%emt 0:00:26]}
Rc8 {[%emt 0:00:06]} 12. Qa4 {[%emt 0:00:03]} a6 {[%emt 0:00:14]} 13. dxc5 {
[%emt 0:00:04]} Nxc5 {[%emt 0:00:02]} 14. Nxc5 {[%emt 0:00:01]} Bxc5 {[%emt 0:
00:02]} 15. Rfd1 {[%emt 0:00:08]} b5 {[%emt 0:00:03]} 16. Qg4 {[%emt 0:00:03]}
Nf6 {[%emt 0:00:08]} 17. Qh4 {[%emt 0:00:03]} Qb6 {[%emt 0:00:02]} 18. e3 {
[%emt 0:00:02]} Be7 {[%emt 0:00:06]} 19. Qd4 {[%emt 0:00:26]} Bc5 {[%emt 0:00:
20]} 20. Qh4 {[%emt 0:00:03]} Be7 {[%emt 0:00:01]} 21. Bb4 {[%emt 0:00:02]}
Rxc1 {[%emt 0:00:13]} 22. Rxc1 {[%emt 0:00:01]} Nd5 {[%emt 0:00:01]} 23. Bxe7 {
[%emt 0:00:02] MrHub abandonne} 1-0

[Event "Benidorm Satellite preliminary"]
[Site "playchess.com #007036"]
[Date "2009.10.24"]
[Round "3"]
[White "Kshorg"]
[Black "Benitotj"]
[Result "1-0"]
[WhiteElo "1673"]
[BlackElo "1408"]
[PlyCount "35"]
[EventDate "2009.10.24"]
[EventType "swiss (blitz)"]

1. g3 {[%emt 0:00:01]} d5 {[%emt 0:00:05]} 2. Bg2 {[%emt 0:00:01]} c5 {[%emt 0:
00:02]} 3. d3 {[%emt 0:00:01]} Nc6 {[%emt 0:00:02]} 4. e3 {[%emt 0:00:01]} e5 {
[%emt 0:00:02]} 5. Ne2 {[%emt 0:00:01]} Nf6 {[%emt 0:00:02]} 6. b3 {[%emt 0:00:
01]} Be7 {[%emt 0:00:01]} 7. Bb2 {[%emt 0:00:01]} d4 {[%emt 0:00:04]} 8. e4 {
[%emt 0:00:11]} O-O {[%emt 0:00:04]} 9. O-O {[%emt 0:00:01]} Nd7 {[%emt 0:00:
08]} 10. f4 {[%emt 0:00:03]} f5 {[%emt 0:00:12]} 11. Nd2 {[%emt 0:00:04]} Bd6 {
[%emt 0:00:17]} 12. exf5 {[%emt 0:00:22]} exf4 {[%emt 0:00:08]} 13. Bd5+ {
[%emt 0:00:06]} Kh8 {[%emt 0:00:05]} 14. Nxf4 {[%emt 0:00:01]} Nf6 {[%emt 0:00:
04]} 15. Bc4 {[%emt 0:00:20]} Ng4 {[%emt 0:00:10]} 16. Qxg4 {[%emt 0:00:03]}
Ne5 {[%emt 0:00:02]} 17. Ng6+ {[%emt 0:00:07]} hxg6 {[%emt 0:00:10]} 18. Qh3+ {
[%emt 0:00:21] Benitotj rinde} 1-0

[Event "Benidorm Satellite preliminary"]
[Site "playchess.com #007036"]
[Date "2009.10.24"]
[Round "3"]
[White "MichelS"]
[Black "Wethalon"]
[Result "0-1"]
[WhiteElo "1820"]
[BlackElo "2439"]
[PlyCount "40"]
[EventDate "2009.10.24"]
[EventType "swiss (blitz)"]

1. d4 {[%emt 0:00:01]} c5 {[%emt 0:00:02]} 2. d5 {[%emt 0:00:02]} Nf6 {[%emt 0:
00:01]} 3. c4 {[%emt 0:00:01]} b5 {[%emt 0:00:01]} 4. cxb5 {[%emt 0:00:01]} a6
{[%emt 0:00:01]} 5. b6 {[%emt 0:00:00]} e6 {[%emt 0:00:03]} 6. Nc3 {[%emt 0:00:
02]} Nxd5 {[%emt 0:00:01]} 7. Nxd5 {[%emt 0:00:01]} exd5 {[%emt 0:00:00]} 8.
Qxd5 {[%emt 0:00:01]} Nc6 {[%emt 0:00:01]} 9. Nf3 {[%emt 0:00:01]} Rb8 {[%emt
0:00:06]} 10. e4 {[%emt 0:00:02]} Be7 {[%emt 0:00:02]} 11. Bc4 {[%emt 0:00:02]}
O-O {[%emt 0:00:01]} 12. O-O {[%emt 0:00:06]} Rxb6 {[%emt 0:00:02]} 13. b3 {
[%emt 0:00:03]} Bb7 {[%emt 0:00:03]} 14. Qh5 {[%emt 0:00:03]} Na5 {[%emt 0:00:
08]} 15. Bd3 {[%emt 0:00:06]} Re6 {[%emt 0:00:40]} 16. b4 {[%emt 0:00:13]} cxb4
{[%emt 0:00:03]} 17. Nd4 {[%emt 0:00:43]} Rg6 {[%emt 0:00:30]} 18. Nf5 {[%emt
0:00:07]} Bg5 {[%emt 0:00:22]} 19. f4 {[%emt 0:00:17]} Bf6 {[%emt 0:00:01]} 20.
e5 {[%emt 0:00:01]} Rxg2+ {[%emt 0:00:02] MichelS abandonne} 0-1

[Event "Benidorm Satellite preliminary"]
[Site "playchess.com #007036"]
[Date "2009.10.24"]
[Round "3"]
[White "David Lynch"]
[Black "Florin_banu"]
[Result "1-0"]
[WhiteElo "2080"]
[BlackElo "1724"]
[PlyCount "91"]
[EventDate "2009.10.24"]
[EventType "swiss (blitz)"]

1. d4 {[%emt 0:00:01]} Nf6 {[%emt 0:00:02]} 2. c4 {[%emt 0:00:02]} g6 {[%emt 0:
00:01]} 3. Nc3 {[%emt 0:00:03]} Bg7 {[%emt 0:00:00]} 4. e4 {[%emt 0:00:01]} d6
{[%emt 0:00:01]} 5. Nf3 {[%emt 0:00:00]} O-O {[%emt 0:00:01]} 6. Be2 {[%emt 0:
00:00]} Re8 {[%emt 0:00:03]} 7. O-O {[%emt 0:00:01]} Nc6 {[%emt 0:00:02]} 8. d5
{[%emt 0:00:02]} Nb8 {[%emt 0:00:03]} 9. Be3 {[%emt 0:00:01]} e5 {[%emt 0:00:
01]} 10. Ne1 {[%emt 0:00:01]} b6 {[%emt 0:00:03]} 11. b4 {[%emt 0:00:02]} Ba6 {
[%emt 0:00:03]} 12. f3 {[%emt 0:00:07]} Nh5 {[%emt 0:00:03]} 13. a4 {[%emt 0:
00:02]} Nf4 {[%emt 0:00:02]} 14. Nb5 {[%emt 0:00:14]} Bxb5 {[%emt 0:00:02]} 15.
axb5 {[%emt 0:00:02]} Qg5 {[%emt 0:00:11]} 16. Qd2 {[%emt 0:00:11]} Qf6 {[%emt
0:00:11]} 17. g3 {[%emt 0:00:02]} Nxe2+ {[%emt 0:00:12]} 18. Qxe2 {[%emt 0:00:
00]} Qe7 {[%emt 0:00:05]} 19. Nd3 {[%emt 0:00:03]} Nd7 {[%emt 0:00:04]} 20. Ra6
{[%emt 0:00:02]} Nb8 {[%emt 0:00:02]} 21. Ra2 {[%emt 0:00:03]} a5 {[%emt 0:00:
04]} 22. Rfa1 {[%emt 0:00:06]} Nd7 {[%emt 0:00:12]} 23. bxa5 {[%emt 0:00:02]}
bxa5 {[%emt 0:00:03]} 24. Rxa5 {[%emt 0:00:00]} Rxa5 {[%emt 0:00:02]} 25. Rxa5
{[%emt 0:00:01]} Rb8 {[%emt 0:00:04]} 26. Nb4 {[%emt 0:00:01]} Nb6 {[%emt 0:00:
04]} 27. Nc6 {[%emt 0:00:03]} Qe8 {[%emt 0:00:03]} 28. Bxb6 {[%emt 0:00:13]}
cxb6 {[%emt 0:00:03]} 29. Ra7 {[%emt 0:00:04]} Ra8 {[%emt 0:00:03]} 30. Qa2 {
[%emt 0:00:00]} Rxa7 {[%emt 0:00:01]} 31. Qxa7 {[%emt 0:00:00]} Bh6 {[%emt 0:
00:05]} 32. Qxb6 {[%emt 0:00:02]} Qa8 {[%emt 0:00:04]} 33. Qb8+ {[%emt 0:00:01]
} Qxb8 {[%emt 0:00:04]} 34. Nxb8 {[%emt 0:00:00]} Be3+ {[%emt 0:00:03]} 35. Kf1
{[%emt 0:00:02]} Kf8 {[%emt 0:00:01]} 36. Ke2 {[%emt 0:00:01]} Bc5 {[%emt 0:00:
02]} 37. Nd7+ {[%emt 0:00:01]} Ke7 {[%emt 0:00:01]} 38. Nxc5 {[%emt 0:00:00]}
dxc5 {[%emt 0:00:01]} 39. f4 {[%emt 0:00:01]} f6 {[%emt 0:00:02]} 40. Kf3 {
[%emt 0:00:01]} Kd6 {[%emt 0:00:01]} 41. Kg4 {[%emt 0:00:01]} h5+ {[%emt 0:00:
01]} 42. Kf3 {[%emt 0:00:02]} Kc7 {[%emt 0:00:03]} 43. fxe5 {[%emt 0:00:01]}
fxe5 {[%emt 0:00:01]} 44. g4 {[%emt 0:00:00]} h4 {[%emt 0:00:02]} 45. g5 {
[%emt 0:00:01]} Kd6 {[%emt 0:00:02]} 46. Kg4 {[%emt 0:00:01] Florin_banu
resigns} 1-0